Suomen kaupunkeja - Statistics

Yleistilastot
  • Tätä visaa on pelattu 529 kertaa
  • Keskiarvotulos 46 / 75
Vastaustilastot
Vastaus % Oikein
Helsinki
97%
Oulu
95%
Rovaniemi
94%
Vantaa
94%
Espoo
92%
Tampere
92%
Turku
92%
Pori
90%
Jyväskylä
89%
Joensuu
87%
Vaasa
87%
Kuopio
86%
Lahti
86%
Lappeenranta
83%
Kotka
80%
Porvoo
80%
Seinäjoki
79%
Hämeenlinna
78%
Kokkola
78%
Kouvola
78%
Mikkeli
78%
Rauma
77%
Kemi
76%
Kajaani
73%
Imatra
72%
Tornio
72%
Salo
71%
Savonlinna
70%
Hamina
67%
Hyvinkää
64%
Naantali
64%
Kerava
63%
Nokia
63%
Varkaus
63%
Järvenpää
62%
Riihimäki
62%
Iisalmi
61%
Raahe
61%
Akaa
60%
Heinola
60%
Jämsä
60%
Kuusamo
60%
Lohja
60%
Uusikaupunki
58%
Forssa
56%
Äänekoski
53%
Kaarina
53%
Maarianhamina
53%
Ylöjärvi
51%
Loviisa
50%
Raisio
50%
Alavus
49%
Pietarsaari
49%
Sastamala
49%
Raasepori
48%
Loimaa
47%
Kauhava
46%
Lapua
46%
Valkeakoski
46%
Lieksa
43%
Pieksämäki
43%
Kauhajoki
40%
Kalajoki
39%
Ylivieska
39%
Kangasala
38%
Orimattila
38%
Ulvila
35%
Kitee
32%
Parainen
31%
Kurikka
30%
Huittinen
29%
Kankaanpää
29%
Paimio
26%
Mänttä-Vilppula
24%
Nivala
24%
Ehtoja vastaavia visoja ei löytynyt
Tulosjakauma
Jokaisen tuloksen saaneiden osuus
Persentiili vastausten määrän mukaan
Tuloshistoriasi
Et ole pelannut tätä visaa